000 01360cam a22003134a 4500
001 12786926
003 NUST-PNEC
005 20170116180714.0
008 020523s2003 flua bd 000 0 eng
010 _a 2002073330
020 _a0849309700
040 _cPNEC
042 _apcc
050 0 0 _aTA418.9.C7
_bN67 2003
082 0 0 _a620.4403 NOV
100 1 _aNovikov, Vladimir
_9645
245 1 0 _aConcise dictionary of materials science :
_bstructure and characterization of polycrystalline materials /
_cVladimir Novikov.
246 3 0 _aMaterials science
260 _aBoca Raton :
_bCRC Press,
_cc2003.
300 _a272 p. :
_bill. ;
_c24 cm.
500 _ahttp://www.amazon.com/Concise-Dictionary-Materials-Science-Characterization/dp/0849309700/ref=sr_1_1?s=books&ie=UTF8&qid=1413441777&sr=1-1&keywords=0849309700
504 _aIncludes bibliographical references (p. 271-272).
650 0 _aCrystals
_vDictionaries.
_xGeneral
650 0 _aMaterials science
_vDictionaries.
856 4 2 _3Publisher description
_uhttp://www.loc.gov/catdir/enhancements/fy0646/2002073330-d.html
906 _a7
_bcbc
_corignew
_d1
_eocip
_f20
_gy-gencatlg
942 _2ddc
_cBK
999 _c61087
_d61087